ARM system developer's guide (Record no. 281)

MARC details
000 -LEADER
Fixed length control field 00615nam a2200205 4500
003 - CONTROL NUMBER IDENTIFIER
Control field SEACOMMC
005 - DATE AND TIME OF LATEST TRANSACTION
Control field 20231026061809.0
008 - FIXED-LENGTH DATA ELEMENTS--GENERAL INFORMATION
Fixed length control field 231026b |||||||| |||| 00| 0 eng d
020 ## - INTERNATIONAL STANDARD BOOK NUMBER / ISBN
Price Rs. 695.00
040 ## - CATALOGING SOURCE
Original cataloging agency SEACOMMC
082 ## - DEWEY DECIMAL CLASSIFICATION NUMBER
Classification number 005.43
Book Number SLO
100 1# - MAIN ENTRY--PERSONAL NAME
Personal name Sloss, Andrew N.
245 1# - TITLE STATEMENT
Title ARM system developer's guide
Sub title designing and optimizing system software
Statement of responsibility Andrew N. Sloss, Dominic Symes and Chris Wright
260 ## - IMPRINT
Place of publication New Delhi
Name of publisher Elsevier
Date of publication 2006
650 ## - SUBJECT ADDED ENTRY--TOPICAL TERM
Topical term Computer science
650 ## - SUBJECT ADDED ENTRY--TOPICAL TERM
Topical term Computer programming, programs, data
700 1# - ADDED ENTRY--PERSONAL NAME
Personal name Symes, Dominic
700 1# - ADDED ENTRY--PERSONAL NAME
Personal name Wright, Chris
942 ## - ADDED ENTRY ELEMENTS (KOHA)
Koha item type Books
Holdings
Withdrawn status Lost status Source of classification Damaged status Not for loan Home library Current library Date acquired Total Checkouts Call number Accession number Date last seen Price effective from Koha item type
    Dewey Decimal Classification     SEACOM MANAGEMENT COLLEGE SEACOM MANAGEMENT COLLEGE 07/09/2006   005.43 SLO 05454 26/10/2023 26/10/2023 Books
© Seacom Engineering College, All rights reserved.    Powered by Koha